| 000 | 00583nam a22001937a 4500 | ||
|---|---|---|---|
| 003 | OSt | ||
| 005 | 20240624031844.0 | ||
| 008 | 240624b |||||||| |||| 00| 0 eng d | ||
| 020 | _a9786214160871 | ||
| 040 |
_aDWC- Main Lib _cOC |
||
| 082 | _aFil. 657.044 V1742i 2020 | ||
| 100 | _aValix, Conrado T. | ||
| 245 |
_aIntermediate accounting : _bvolume 1 / _cConrado T Valix. |
||
| 250 | _a2020 edition. | ||
| 260 |
_aManila, Philippines : _bGIC Enterprise & Co. Inc., _cc2020. |
||
| 300 |
_a982 pages : _billustrations ; _c23cm. |
||
| 650 | _a1. Accounting | ||
| 942 |
_2ddc _cBK - FIL _n1 |
||
| 999 |
_c1199 _d1199 |
||